Statistics for Lady Gaga Songs Quiz

Click here to take the quiz!

General Stats

  • This quiz has been taken 38,088 times
    (16,217 since last reset)
  • The average score is 32 of 71

Answer Stats

AlbumSong% Correct
Born This WayBorn This Way
92%
The FamePoker Face
90%
The Fame MonsterBad Romance
83%
The FameJust Dance
77%
The FamePaparazzi
77%
The Fame MonsterTelephone
74%
The Fame MonsterAlejandro
73%
JoanneJoanne
72%
The FameThe Fame
69%
ArtpopApplause
66%
ArtpopArtpop
66%
Born This WayJudas
65%
Born This WayThe Edge of Glory
62%
The FameLoveGame
61%
JoanneMillion Reasons
58%
The Fame MonsterMonster
58%
Born This WayMarry the Night
54%
ArtpopG.U.Y.
52%
Born This WayYoü and I
52%
JoannePerfect Illusion
51%
ArtpopVenus
50%
The FameEh, Eh (Nothing Else
I Can Say)
49%
JoanneJohn Wayne
47%
ArtpopAura
45%
The Fame MonsterTeeth
45%
The FameBeautiful, Dirty, Rich
44%
The Fame MonsterDance in the Dark
44%
ArtpopFashion!
44%
Born This WayBloody Mary
43%
The Fame MonsterSpeechless
43%
JoanneA-Yo
42%
The FameBoys Boys Boys
42%
Born This WayHair
42%
Born This WayScheiße
42%
ArtpopDonatella
41%
ArtpopDo What U Want
41%
ArtpopGypsy
41%
Born This WayAmericano
40%
The FameBrown Eyes
40%
ArtpopDope
40%
Born This WayGovernment Hooker
40%
ArtpopSexxx Dreams
40%
JoanneDiamond Heart
39%
ArtpopSwine
39%
JoanneAngel Down
38%
ArtpopManicure
38%
The Fame MonsterSo Happy I Could Die
38%
JoanneDancin' in Circles
37%
The FameMoney Honey
37%
Born This WayHeavy Metal Lover
36%
ArtpopMary Jane Holland
36%
The FamePaper Gangsta
36%
The FameStarstruck
36%
The FameSummerboy
36%
Born This Way (bonus track)Black Jesus + Amen Fashion
35%
JoanneHey Girl
35%
Born This WayHighway Unicorn
(Road to Love)
35%
ArtpopJewels n' Drugs
35%
Born This WayElectric Chapel
34%
Born This WayBad Kids
33%
Joanne - Bonus TracksGrigio Girls
32%
JoanneCome to Mama
31%
The Fame (bonus track)Disco Heaven
31%
The FameI Like it Rough
31%
Born This Way (bonus track)The Queen
31%
JoanneSinner's Prayer
30%
Born This Way (bonus track)Fashion of His Love
29%
Joanne - Bonus TracksJust Another Day
27%
The Fame (international)Again Again
19%
The Fame (bonus track - Japan)Retro, Dance, Freak
19%
The Fame (USB edition)Christmas Tree
13%

Score Distribution

Percentile by Number Answered

Percent of People with Each Score

Your Score History

You have not taken this quiz since the last reset